Cuadros de oriente
Αποθηκεύτηκε σε:
| Κύριος συγγραφέας: | |
|---|---|
| Μορφή: | Βιβλίο |
| Γλώσσα: | Ισπανικά |
| Έκδοση: |
Santiago
Nascimento
1938
|
| Θέματα: | |
| Ετικέτες: |
Προσθήκη ετικέτας
Δεν υπάρχουν, Καταχωρήστε ετικέτα πρώτοι!
|
MARC
| LEADER | 00000nam a2200000 a 4500 | ||
|---|---|---|---|
| 001 | UCP7564 | ||
| 003 | CL-VaPUC | ||
| 008 | 991217e19380000CL |||||||||||||||||spa|d | ||
| 082 | 0 | 4 | |a Ch863 |b LAS |2 21 |
| 100 | |a Lastarria Cavero, Berta |e author |9 513823 | ||
| 245 | 1 | 0 | |a Cuadros de oriente |
| 300 | |a 110 p | ||
| 942 | |c BK | ||
| 945 | |d 19991217 00:00:00 |a rherrera | ||
| 260 | |a Santiago |b Nascimento |c 1938 | ||
| 650 | 0 | |a Literatura chilena |9 308278 | |
| 650 | 0 | |a Cuentos chilenos |9 308280 | |
| 650 | 0 | |a Literatura religiosa |9 266283 | |
| 583 | |a last modification |c 19991217 00:00:00 |k Rodrigo Vera | ||
| 999 | |c 284686 |d 284684 | ||
| 952 | |0 0 |1 0 |4 0 |6 CH_863_000000000000000_LAS_1938 |7 0 |8 X |9 328862 |a BIBHIS |b BIBHIS |d 2019-11-20 |i 1378783 |o Ch863 LAS 1938 |p 1378783 |r 2024-01-30 |w 2019-11-20 |y BK_X |k HIS | ||